[Event "Los Angeles"]
[Site "Los Angeles"]
[Date "2003.08.23"]
[Round "6"]
[White "Becerra Rivero, Julio"]
[Black "Ambartsoumian, Armen"]
[Result "1-0"]
[WhiteElo "2569"]
[BlackElo "2424"]
[Annotator "Erenburg,S"]
[PlyCount "83"]
[EventDate "2003.08.18"]
[EventType "tourn"]
[EventRounds "9"]
[EventCountry "USA"]
[EventCategory "10"]
[SourceTitle "CBM 097"]
[Source "ChessBase"]
[SourceDate "2003.11.11"]
[SourceVersion "1"]
[SourceVersionDate "2003.11.11"]
[SourceQuality "1"]

1. e4 c5 2. Nf3 Nc6 3. Bb5 e6 4. O-O Nge7 5. Re1 a6 6. Bf1 (6. Bxc6 Nxc6 7. d4
{is another theoretical line.}) 6... d5 {The main idea of this continuation is
to prevent white's breakthrough in the center- d2-d4.} (6... Ng6 {1/2-1/2
Felgaer,R-Shabalov,A/Buenos Aires 2003/CBM 97_01/[Erenburg] (47)}) 7. exd5 Qxd5
{Another option is} (7... Nxd5 {1-0 Smagin,S-Lazarev,V/Montreal 2000/CBM 79/
[Finkel,A] (43)}) 8. Na3 {White has other interesting possibilities:} (8. Bd3
$5 {1-0 Benjamin,J-Hahn,A/Seattle 2002/CBM 87/[Gershon] (32)}) (8. Nc3 Qd8 9.
d3 (9. Ne4 Nf5 10. c3 Be7 11. Qc2 O-O 12. a4 b6 13. g3 Bb7 14. h4 h6 15. d3 Re8
16. Bf4 Bf8 17. Rad1 e5 18. Bc1 $11 {0-1 Ortega Valle,J-Franco Ocampos,Z/Dos
Hermanas 2001/CBM 82 ext (40)}) 9... Nf5 10. Bg5 Be7 11. Bxe7 Qxe7 12. Qd2 O-O
13. Ne5 Nxe5 14. Rxe5 Qc7 15. Rae1 Bd7 16. f4 Rfd8 17. Qf2 b6 18. g4 $6 Nd4 19.
R1e3 f6 20. Rh5 Be8 $15 {[%csl Rh5] 0-1 Sevostianov,V-Bocharov,D/Novosibirsk
2001/CBM 82 ext (28)}) 8... Qd8 9. Nc4 Ng6 $146 {According to my database,
this position appeared for the first time. In previous game black tried} (9...
Nf5 10. d3 (10. a4 Be7 11. a5 O-O 12. c3 Bd7 13. d3 Be8 14. Bf4 $14 {0-1
Szmetan,J-Milos,G/Buenos Aires 1988/EXT 97 (42)}) 10... b5 11. Ne3 Nfd4 12. Nd2
e5 13. a4 Rb8 14. g3 Bd6 $11 {0-1 Ilczuk,P-Motylev,A/Koszalin 1999/EXT 2000 
(34)}) (9... Nd5 $5 10. d4 cxd4 11. Nxd4 Nxd4 12. Qxd4 b5 13. Ne5 Bb7 $13) (
9... b5 10. Nce5 Bb7 11. a4 b4 12. Bc4 $1 $14 {[%cal Ge5f7]}) 10. a4 {
preventing b7-b5, thus, strengthening the status of the knight on c4.} b6 {
Black cannot allow white to play a4-a5. Otherwise, white gets a slight edge:} (
10... Be7 11. a5 O-O 12. d3 $14 {[%cal Gc2c3] and black forces with the
problem of developing his light-squared bishop.}) 11. d3 ({Deserves attention:
} 11. Bd3 {with the following transfer of it to e4.}) 11... Rb8 {Black wants
as quick as possible to drive away the white knight from c4.} 12. Be3 Be7 13.
h4 $5 {White tries to emphasize the defect of location of Ng6, using the
development advantage.} ({Interesting alternative is} 13. d4 O-O 14. dxc5 Bxc5
15. Qxd8 Rxd8 16. Rad1 $14 {[%csl Yd6][%cal Gc4d6]}) ({or} 13. c3 {[%cal Yd3d4]
}) 13... b5 $6 {pushing away the knight from excellent position. But, on the
other hand, black is going to get some weaknesses on the queenside, which
white can use.} ({Too dangerous is} 13... Nxh4 $2 14. Nxh4 Bxh4 15. Bf4 {
[%cal Gc4d6]}) ({Safer was} 13... h5 $5) 14. axb5 axb5 15. Ncd2 e5 $6 {In my
opinion, this move is too optimistic. Black didn't complete the development
yet, but pushes his central pawn forward. White has good chances to punish his
opponent... More logical were the following options:} (15... h5 16. Nb3 Qd5 17.
g3 $14 {[%cal Gf1g2,Yg2c6]}) (15... Qd5 16. g3 $14 {[%cal Yf1g2]}) 16. h5 Nf8
17. h6 $32 {White has played quite originally in the opening and succeeded to
get big development advantage. Overmore, black has many weaknesses, his pawn
structure wishes to be better.} Ne6 (17... gxh6 18. Bxh6 f6 19. Ne4 $32) 18.
hxg7 Nxg7 19. Nb3 {attacking the c5 pawn.} Ne6 (19... Qb6 $5 {[%cal Yg7f5]
looks strange, but with concrete idea to occupy the f5 square by the knight.})
20. Bh6 {preventing the castle from black and attacking the central pawn e5.}
Qc7 21. c3 $1 {As white has a big development advantage, he prepares to open
the position with the breakthrough d3-d4.} Rg8 $6 ({Obviously better was} 21...
Bb7 {[%cal Yb8d8] allowing to the rook on b8 to get into the game.} 22. Qe2 $14
(22. d4 $140 c4 $13 {[%cal Yh8g8,Gb8d8]})) 22. d4 {[%cal Gd4d5] Now black
hasn't enough time to play c5-c4.} Rg6 23. Bc1 $1 exd4 24. cxd4 cxd4 25. Bd3 ({
Stronger was} 25. Nbxd4 Ncxd4 26. Nxd4 Qd7 (26... Qc5 27. Be3 $16) 27. Ra8 $3
$18) 25... Rg8 (25... Rg7 $5) 26. Be4 Bb7 27. Bd2 {allowing to his rook to
occupy the open "c" file.} Qd6 28. Qe2 Ncd8 (28... b4 29. Qb5 Qd7 30. Bxh7 (30.
Rac1 $5) 30... Rg7 31. Be4 $16) 29. Bxb7 Rxb7 (29... d3 30. Qe4 Rxb7 31. Qxh7
$16) 30. Qe4 $1 Qc6 $2 ({Better was} 30... Rg6 31. Nbxd4 $16) 31. Qxh7 $18 {
White succeded to invade into the black camp, and now it is the question of
time, when black will be crushed!} Rg6 (31... Rf8 32. Bh6 $18) 32. Qh8+ Nf8 (
32... Bf8 33. Nbxd4 $18) 33. Nbxd4 {The coordination of white pieces is
amazing, in opposite to black's total discoordination.} Qf6 34. Qxf6 {White
allows himself the trade of the queens, as even without them, his initiative
is very strong.} Rxf6 35. Ra8 $1 {Black is in zugzwang!} Nfe6 (35... b4 36. Bg5
$18 {[%cal Gd4f5]}) 36. Nc6 Rf5 37. Bb4 $1 Bf6 38. Nfe5 (38. Nfd4 {[%cal Gd4e6]
was stronger.}) 38... Rf4 $2 {loses immediately.} ({More resistant was} 38...
Bxe5 39. Nxe5 Rb6 $1 {, but, anyway, white wins with nice combination.} 40.
Rxd8+ $1 (40. g4 Rf4 41. Ba5 Rd6 42. Bxd8 Rxd8 43. Rxd8+ Kxd8 44. Nxf7+ Rxf7
45. Rxe6 Rf4 {and black has chance to achieve a draw.}) 40... Kxd8 (40... Nxd8
41. Nc4+) 41. Ba5 Kc7 42. Nxf7 $18) 39. Ba5 Ra4 40. b3 $1 {It is important to
drive away black rook from the 4-th rank.} Ra2 41. Ng4 Bg5 42. Nxd8 (42. Nxd8
Rxa5 43. Nxe6+ Rxa8 44. Nc7+ $18) 1-0

[Event "Abu Dhabi op 13th"]
[Site "Abu Dhabi"]
[Date "2003.08.17"]
[Round "2"]
[White "Kasparov, Sergey"]
[Black "Gagunashvili, Merab"]
[Result "1/2-1/2"]
[WhiteElo "2482"]
[BlackElo "2577"]
[Annotator "Erenburg,S"]
[PlyCount "89"]
[EventDate "2003.08.16"]
[EventType "swiss"]
[EventRounds "9"]
[EventCountry "UAE"]
[SourceTitle "CBM 097"]
[Source "ChessBase"]
[SourceDate "2003.11.11"]
[SourceVersion "1"]
[SourceVersionDate "2003.11.11"]
[SourceQuality "1"]

1. e4 c5 2. Nf3 Nc6 3. Bb5 Nf6 {There are some other theoretical possibilities:
} (3... g6) (3... d6) (3... e6) 4. Bxc6 (4. e5 Nd5 5. O-O g6 6. Ng5 Nc7 7. Bxc6
dxc6 8. Qf3 Be6 9. d3 Bg7 10. Qg3 Bf5 11. Nd2 Qd7 12. Nc4 h6 13. Nf3 $11 {
1-0 Oral,T-Nevednichy,V/Bled 2002/EXT 2003 (43)}) (4. Nc3) 4... dxc6 5. Nc3 {
It seems like the safest way to get a slight advantage.} (5. d3 Nd7 (5... Bg4
6. h3 Bxf3 7. Qxf3 e5 8. Nd2 Nd7 9. Qg3 Qf6 10. Nc4 Be7 11. f4 exf4 12. Bxf4
O-O 13. O-O b6 14. Ne3 Qg6 15. Nf5 $16 {1-0 Rublevsky,S-Gagunashvili,M/ECC,
Rethymnon GRE 2003 (25)}) 6. e5 Nb6 7. Nbd2 Bf5 8. O-O e6 9. b3 Be7 10. Bb2 O-O
11. Re1 a5 12. a4 Nd5 13. Ne4 Qc7 $11 {0-1 Bologan,V-Lautier,J/4th Karpov It,
Poikovsky RUS 2003 (57)}) 5... Bg4 {For this variation it is typical to change
a light-squared bishop.} 6. h3 Bxf3 7. Qxf3 e5 {Black prevents from white to
provide the breakthrough in the center. But white can develop the initiative,
preparing f2-f4.} 8. d3 Nd7 9. O-O $146 {According to my database, this
position appeared for the first time. Before white continued} (9. Qg3 {and
succeded to get a slight edge.} g6 10. O-O Bd6 11. f4 f6 12. Kh1 Qe7 13. Be3
Rd8 14. Rae1 Bb8 15. Qf2 b6 16. Ne2 exf4 17. Bxf4 O-O 18. Bxb8 Rxb8 19. Ng1
Rbd8 20. Nf3 $14 {1/2-1/2 Malakhov,V-Avrukh,B/Menorca 1996/Juniors (52)}) 9...
Bd6 10. Qg3 Qf6 {Black cannot prevent white's breakthrough f2-f4, but he
intends to minimize white's initiative, making some trades.} ({In case of} 
10... O-O {white gets advantage after} 11. Bg5 $1 Be7 (11... f6 12. Be3 $14 {
[%cal Gf2f4]}) 12. Be3 $14 {[%cal Yf2f4]}) 11. f4 exf4 ({Doesn't work} 11... c4
{in view of} 12. d4 (12. dxc4 {strong enough as well.} Nb6 13. b3 Bc5+ 14. Kh1
Bd4 15. Bb2) 12... exd4 13. e5 Qg6 14. Qxg6 hxg6 15. exd6 dxc3 16. Re1+ Kf8 17.
bxc3 $14) 12. Bxf4 Bxf4 13. Rxf4 ({Also possible:} 13. Qxf4 Qxf4 14. Rxf4 {
with very similar position to the game.}) 13... Qd4+ 14. Qf2 (14. Kh2 O-O)
14... Qxf2+ ({Deserves attention} 14... Ne5) 15. Kxf2 {transfering the king to
the centre, from where it can support the central pawns.} Ke7 16. Nd1 {
improving the position of the knight, transfering it to e3.} Ne5 17. Ne3 $14 {
White's chances are slightly better, thanks to a better pawn structure. But
black has a very solid position without weaknesses, so it is extremely
difficult to get something obvious for white.} Ke6 18. Ke2 f6 19. b3 {Denying
from black resourse of c5-c4 at some moment.} Rhd8 {Now black is going to
consolidate his pair of rooks on the "d" line.} 20. Rf5 {[%cal Ye3g4]
preparing the trade of the knights at comfortable moment.} Rd7 ({After} 20...
b5 21. a4 {white creates some unpleasant pressure on the black's queenside
pawns.}) 21. Ng4 $1 {The point is that black knight is powerful on the e5
square, actually, it disturbs white to develop the initiative. Also, after the
trade on e5, white gets control over the open lfile "f", therefore, this move
seems to me very logical.} Rad8 ({It is dubious to play} 21... Nxg4 {, as after
} 22. hxg4 b6 23. g5 $36 {[%csl Ye4] black's kingside pawns become target for
white' attack.}) 22. Nxe5 fxe5 23. Raf1 {Step by step white improves his
chances to win this endgame. Every exchange makes white's aim more real.} b5 {
Black realized, that he has to create the counterplay, otherwise, white will
invade into black's camp, and his advantage will become more obvious.} 24. Rf8
a5 25. R1f7 $1 {Now it is clear, that white succeeds to get into black's camp
his rook, which will attack the weaknesses.} Rxf8 26. Rxf8 Ra7 $1 {defending
the "a" pawn, and, at the same time, preparing to push forward it.} 27. a4 $1
c4 $1 {Only drastic measures can rescue black! Black sacrifises the pawn, but,
as compensation for it, activizes his rook.} (27... Kd6 28. Re8 {and black is
in zugzwang!}) (27... Ke7 28. Rg8 $1 Ke6 29. Ke3 Kd6 30. Re8) 28. dxc4 $6 {
White allows black to activize the rook, that increases black's chances to get
the draw.} ({Probably better was} 28. Rb8 $1 cxb3 29. cxb3 b4 (29... bxa4 30.
bxa4 $16) 30. Ke3 {[%cal Yd3d4] and black has still problem of passive rook,
as well as problem of weak pawns...}) 28... bxa4 29. bxa4 Rb7 $132 {After
inaccuracy on the 28-th move, I think, that, objectively, this endgame is
drawish.} 30. Ra8 ({White had more chances after} 30. Re8+ $1 Kd6 (30... Kf6
31. Rc8) 31. Kd3 Rb4 32. Rh8 (32. c5+ Kd7 33. Rh8 Rd4+ $1 34. Ke3 Rxa4 35. Rxh7
Ra3+ 36. Kf2 Rc3 $13) 32... h6 33. Rg8 Kc5 34. Rxg7 Rxc4 35. c3 (35. Rg6 Rd4+
36. Ke3 Rxa4 {[%cal Ga4a3] and black is close to a draw.}) 35... Rxa4 36. Re7
Ra2 37. Rxe5+ Kb6 $13) 30... Rb4 31. Rxa5 Rxc4 32. Kd3 Rd4+ $1 33. Ke3 Rc4 34.
Ra7 g6 $1 {Precise decision.} ({Worse is} 34... Rc3+ 35. Kd2 Rg3 36. a5 Rxg2+
37. Kc1 Rg3 38. a6 Ra3 39. Rxg7 Rxa6 40. Rxh7 $16) 35. Kd3 Rd4+ 36. Ke3 Rc4 37.
Rxh7 Rxc2 38. g4 (38. a5 Rxg2 $1 (38... Ra2 39. Rc7 Rxa5 40. Rxc6+ Kf7 41. Kf3
$16) 39. a6 Rg3+ 40. Kf2 Ra3 $11) 38... Rc3+ 39. Kf2 Ra3 40. Rc7 Rxa4 41. Rxc6+
Kf7 42. Kg3 g5 (42... Rxe4 {was enough for a draw as well.} 43. Kh4 Re3 $11)
43. Rc7+ Kf6 44. Rc6+ Kf7 45. Rc7+ 1/2-1/2

[Event "American Continental 2nd"]
[Site "Buenos Aires"]
[Date "2003.08.23"]
[Round "6"]
[White "Zarnicki, Pablo Adrian"]
[Black "Julia, Ernesto"]
[Result "1-0"]
[WhiteElo "2530"]
[BlackElo "2387"]
[Annotator "Erenburg,S"]
[PlyCount "51"]
[EventDate "2003.08.17"]
[EventType "swiss"]
[EventRounds "11"]
[EventCountry "ARG"]
[SourceTitle "CBM 097"]
[Source "ChessBase"]
[SourceDate "2003.11.11"]
[SourceVersion "1"]
[SourceVersionDate "2003.11.11"]
[SourceQuality "1"]

1. e4 c5 2. Nc3 Nc6 3. Nf3 e6 4. Bb5 Nge7 5. O-O a6 {There are some other
possibilities:} (5... Nd4 {1-0 Sutovsky,E-Nataf,I/Esbjerg 2001/CBM 85/[Gershon]
(29)}) (5... Ng6 6. d4 cxd4 7. Nxd4 Be7 8. Be3 O-O 9. f4 a6 10. Bxc6 bxc6 11.
Qh5 c5 12. Nb3 d6 13. Rf3 Re8 $13 {0-1 Sutovsky,E-Ye Jiangchuan/Batumi 2001/
CBM 86 (27)}) 6. Bxc6 Nxc6 7. d4 cxd4 8. Nxd4 Be7 $2 {This game is a very good
proof, that this continuation is bad. The theory goes with} (8... Qc7 {1/2-1/2
Sutovsky,E-Bacrot,E/Albert 2001/CBM 86/[Gershon] (22)}) 9. Nxc6 dxc6 {In this
variation black takes always with the "d" pawn, as after} (9... bxc6 {he will
have some problems with light-squared bishop.} 10. Qg4 Bf6 (10... O-O 11. Re1
Qc7 12. e5 f6 13. Bf4 $16 d6 14. exd6 Bxd6 15. Bxd6 Qxd6 16. Qc4 $16 {[%csl
Ra6,Rc6] Zagrebelny,S-Almasi,I/Budapest 1992}) 11. Qg3 O-O 12. e5 Bh4 13. Qd3
f5 14. f4 Be7 15. Be3 Qa5 16. b3 c5 17. Na4 Rb8 18. c4 $14 {Vojinovic,
G-Arakhamia,H/Ikaros op 1995}) 10. e5 $1 {That's the point! Black is going to
be punished for his inaccuracy on the 8-th move. If black played 8...Qc7,
white wouldn't fix black's pawn on e6. Now black's light-squared bishop is
paralized! Another interesting possibility is} (10. Qg4 {1-0 Yandemirov,
V-Shchukin,D/St Petersburg 1997/CBM 62/[Har Zvi] (61)}) 10... Qc7 {Black has
tried also the following continuations, but after all of them they didn't
succeed to equalize:} (10... f5 11. exf6 Qxd1 12. Rxd1 gxf6 13. f4 Bd7 14. Be3
$36 {Onischuk,A-Fauland,A/Vienna op 1996;EXP 53}) (10... O-O 11. Qe2 Qc7 12.
Bf4 c5 13. Ne4 Qc6 14. Rad1 b6 15. Bg5 Bxg5 16. Rd6 Qc7 17. Nxg5 $16) (10...
Qa5 11. Re1 Bd7 12. Qg4 Kf8 13. Bg5 Bxg5 14. Qxg5 $16 {1-0 Ivanov,V-Khatenever,
F/St Petersburg 2000/EXT 2001 (54)}) 11. Bf4 {defending the e5 pawn.} ({
Strong enough is} 11. Re1 O-O 12. Qg4 f5 13. exf6 Bxf6 14. Ne4 $16 {1-0
Chiburdanidze,M-Fischdick,G/La Valetta 1980/EXT 2000 (37)}) 11... Bd7 $6 (11...
O-O {comes to consideration.}) 12. Ne4 $16 {White has got everything he wanted
from the opening. His light pieces are located excellently, while his black
"competitors" are in trouble, especially, black's light-squared bishop.} c5
$146 {Black intends to castle long, but he has too many weaknesses on the
kingside. The least of the evils was} (12... O-O $16) ({In the previous game
black tried} 12... O-O-O 13. Qg4 g6 14. Bg5 h5 15. Qf4 Be8 16. Bxe7 Qxe7 17.
Rad1 h4 18. Rxd8+ Kxd8 19. Qe3 Rh5 20. Qa7 Qc7 21. Rd1+ {1-0 Arapovic,
V-Fartmann,B/St Ingbert 1991/EXT 97 (21)}) 13. Qg4 $1 {This move prevents from
black to castle short, and, at the same time, attacks black's kingside pawns.}
O-O-O 14. Bg5 {White is going to trade dark-squared bishops, emphasizing the
weaknesses of dark squares in the black camp.} (14. Qxg7 $16 {strong enough as
well.}) 14... f6 $2 ({Black should try to save the material balance with} 14...
h5 15. Qh4 Bxg5 16. Qxg5 (16. Nxg5 Be8) 16... Bc6 17. Nxc5 (17. Nd6+ Kb8 $14)
17... Bxg2 18. Nxa6 bxa6 19. Qxg2 $16) 15. exf6 gxf6 16. Bxf6 Bxf6 17. Nxf6 $16
Bc6 ({More resistant was} 17... e5 18. Nxd7 $16 (18. Qh5 Bc6 $16)) 18. Qxe6+
Kb8 19. Rad1 {Now white is two pawns up, while black hasn't any compensation.
The rest was an easy job for white.} Qg7 20. g3 Ka8 21. c3 Qg6 22. Qe5 h5 23.
Nd5 Qc2 24. Nc7+ Ka7 25. Rxd8 Rxd8 26. Qxc5+ {This game is a good example for
inaccurate play in the opening and the punishment for it.} 1-0